000 00634nam a2200181 4500
001 127583
003 ES-MaACL
005 20230906193036.0
007 t|
008 070214s1970 sp r ||||1| spa d
100 1 _aRiggs, James L.
_997205
245 1 0 _aReducción de costos mediante la programación por el camino crítico /
_cJames L. Riggs, Charles D. Heath ; traducción de José Luis Baró Sharkey.
260 _aBarcelona :
_bEd. Hispano Europea,
_c1970.
300 _a286 p. :
_bil. ;
_c25 cm.
700 1 _aHeath, Charles D.
_962249
700 1 _aBaró Sharkey, José Luis.
_925747
852 _aES-MaACL
_jC-37334
_bR.76456
999 _c127583
_d127583